[Event "Erandio op 27th"]
[Site "Erandio"]
[Date "2018.12.17"]
[Round "3"]
[White "Hernandez Garcia, Maximo"]
[Black "Cenizo Vicente, Jesus Rafael"]
[Result "0-1"]
[WhiteElo "2003"]
[BlackElo "1745"]
[PlyCount "116"]
[EventDate "2018.12.15"]
[EventType "swiss"]
[EventRounds "8"]
[EventCountry "ESP"]
[SourceTitle "EXT 2020"]
[Source "ChessBase"]
[SourceDate "2019.10.17"]
[SourceVersion "1"]
[SourceVersionDate "2019.10.17"]
[SourceQuality "1"]

1. e4 c5 2. Nf3 Nc6 3. d4 cxd4 4. Nxd4 g6 5. Nc3 Bg7 6. Be3 Nf6 7. f3 0-0 8. Qd2 d5 9. 0-0-0 dxe4 10. Nxe4 Nxe4 11. Nxc6 Qxd2+ 12. Bxd2 Nf2 13. Nxe7+ Kh8 14. Nxc8 Raxc8 15. Bb5 Nxd1 16. Rxd1 Rfd8 17. c3 Rc5 18. Bf1 Rcd5 19. Kc2 Bh6 20. Bxh6 Rxd1 21. Bc4 Rg1 22. Bxf7 Rxg2+ 23. Kb3 g5 24. f4 Rd6 25. Bxg5 Kg7 26. Bc4 Rxh2 27. Be7 Rd7 28. Bc5 Rh4 29. Be6 b6 30. Bxd7 bxc5 31. Kc4 Rxf4+ 32. Kxc5 Rf2 33. b4 Rxa2 34. Kb5 Kf6 35. c4 Ke7 36. Kc6 Ra4 37. Bf5 Rxb4 38. Kc5 Rb6 39. Bxh7 Kd7 40. Bc2 Kc7 41. Ba4 a5 42. Bb5 Rg6 43. Be8 Rg5+ 44. Kd4 Kd6 45. Kc3 Rg3+ 46. Kd4 Rg4+ 47. Kc3 Kc5 48. Bf7 Rg3+ 49. Kb2 Kb4 50. Bd5 a4 51. Ka2 Ra3+ 52. Kb2 Rb3+ 53. Ka2 a3 54. Bf7 Rb2+ 55. Ka1 Rf2 56. Be6 a2 57. c5 Ka3 58. Bc4 Rg2 0-1